000 00473nam a2200193 a 4500
001 1772883571375
003 YourLibrary
005 20260307171107.0
008 260307s2008##################000#0#eng##
020 _a9781857434682
082 0 4 _a327
_bROU
100 1 _aRoutledge,
_eauthor.
245 1 0 _aStrategic Survey 2008 :
260 _c2008.
300 _a400 pages
650 0 _aPolitical Science.
942 _cENGLISH
040 _aYourLibrary
_beng
_cYourLibrary
999 _c617180
_d617180